Lewis's Medical-Surgical Nursing (Record no. 461)

MARC details
000 -LEADER
Fixed length control field 00663nam a2200217Ia 4500
003 - CONTROL NUMBER IDENTIFIER
Control field IIN
005 - DATE AND TIME OF LATEST TRANSACTION
Control field 20240122131556.0
008 - FIXED-LENGTH DATA ELEMENTS--GENERAL INFORMATION
Fixed length control field 231217s9999 xx 000 0 und d
020 ## - INTERNATIONAL STANDARD BOOK NUMBER / ISBN
Price Rs.2695.00
International Standard Book Number 9788131253311
040 ## - CATALOGING SOURCE
Original cataloging agency IIN
Language of cataloging English
082 ## - DEWEY DECIMAL CLASSIFICATION NUMBER
Classification number 610.73677
Book Number LEW
100 1# - MAIN ENTRY--PERSONAL NAME
Personal name Lewis,Sharon L.
245 1# - TITLE STATEMENT
Title Lewis's Medical-Surgical Nursing
Statement of responsibility Sharon L. Lewis...[et al]
250 ## - EDITION STATEMENT
Edition statement 3rd South Asia ed
Remainder of edition statement Adaptation edited by Chintamani MS and Mrinalini Mani
260 ## - IMPRINT
Name of publisher Elsevier
Place of publication New Delhi
Date of publication 2018
300 ## - PHYSICAL DESCRIPTION
Page / Vol. No xxxiii, 787-1606 p. / V.2
650 1# - SUBJECT ADDED ENTRY--TOPICAL TERM
Topical term Medical Surgical
Form subdivision Nursing
700 1# - ADDED ENTRY--PERSONAL NAME
Personal name Chintamani, MS
700 1# - ADDED ENTRY--PERSONAL NAME
Personal name Mani, Mrinalini
942 ## - ADDED ENTRY ELEMENTS (KOHA)
Koha item type Books
Holdings
Withdrawn status Lost status Source of classification Damaged status Not for loan Collection code Home library Current library Date acquired Price Total Checkouts Call number Accession number Date last seen Copy number Price effective from Koha item type
    Dewey Decimal Classification       IDEAL INSTITUTE OF NURSING IDEAL INSTITUTE OF NURSING 17/12/2023 2695.00   610.73677 LEW 456 17/12/2023 Vol. 2 17/12/2023 Books
    Dewey Decimal Classification       IDEAL INSTITUTE OF NURSING IDEAL INSTITUTE OF NURSING 17/12/2023 2695.00   610.73677 LEW 457 17/12/2023 Vol. 2 17/12/2023 Books
    Dewey Decimal Classification       IDEAL INSTITUTE OF NURSING IDEAL INSTITUTE OF NURSING 17/12/2023 2695.00   610.73677 LEW 458 17/12/2023 Vol. 2 17/12/2023 Books
    Dewey Decimal Classification       IDEAL INSTITUTE OF NURSING IDEAL INSTITUTE OF NURSING 17/12/2023 2695.00   610.73677 LEW 459 17/12/2023 Vol. 2 17/12/2023 Books
    Dewey Decimal Classification       IDEAL INSTITUTE OF NURSING IDEAL INSTITUTE OF NURSING 17/12/2023 2695.00   610.73677 LEW 460 17/12/2023 Vol. 2 17/12/2023 Books
    Dewey Decimal Classification       IDEAL INSTITUTE OF NURSING IDEAL INSTITUTE OF NURSING 17/12/2023 2695.00   610.73677 LEW 461 17/12/2023 Vol. 2 17/12/2023 Books
© Ideal Institute Of Nursing, All rights reserved.         Powered by Koha